<?xml version="1.0" encoding="UTF-8"?>
<collection xmlns="http://www.loc.gov/MARC21/slim">
 <record>
  <leader>03020nam a2200229Ia 4500</leader>
  <controlfield tag="001">CTU_239491</controlfield>
  <controlfield tag="008">210402s9999    xx            000 0 und d</controlfield>
  <datafield tag="082" ind1=" " ind2=" ">
   <subfield code="a">681.25</subfield>
  </datafield>
  <datafield tag="082" ind1=" " ind2=" ">
   <subfield code="b">L600</subfield>
  </datafield>
  <datafield tag="088" ind1=" " ind2=" ">
   <subfield code="a">8520216</subfield>
  </datafield>
  <datafield tag="100" ind1=" " ind2=" ">
   <subfield code="a">Huỳnh, Đức Lý</subfield>
  </datafield>
  <datafield tag="245" ind1=" " ind2="0">
   <subfield code="a">Thiết kế hệ thống đo độ kiềm trong ao nuôi bằng phương pháp đo độ màu của nước :</subfield>
  </datafield>
  <datafield tag="245" ind1=" " ind2="0">
   <subfield code="b">Luận văn tốt nghiệp Cao học. Chuyên ngành Kỹ thuật điều khiển và Tự động hóa</subfield>
  </datafield>
  <datafield tag="245" ind1=" " ind2="0">
   <subfield code="c">Huỳnh Đức Lý ; Ngô Trúc Hưng (Cán bộ hướng dẫn)</subfield>
  </datafield>
  <datafield tag="260" ind1=" " ind2=" ">
   <subfield code="a">Cần Thơ</subfield>
  </datafield>
  <datafield tag="260" ind1=" " ind2=" ">
   <subfield code="b">Trường Đại học Cần Thơ</subfield>
  </datafield>
  <datafield tag="260" ind1=" " ind2=" ">
   <subfield code="c">2020</subfield>
  </datafield>
  <datafield tag="520" ind1=" " ind2=" ">
   <subfield code="a">Nguồn nước là một trong những yếu tố quyết định cho sự thành công cho phát triển nuôi trồng thủy sản. Đối với nghề nuôi thủy sản, nồng độ kiềm là yếu tố ảnh hưởng rất lớn đến sinh trưởng và phát triển của loài nuôi. Khi xảy ra mưa lớn, độ kiềm trong các ao nuôi không ổn định làm tăng giảm độ kiềm đột ngột vượt ra khỏi ngưỡng chịu đựng làm cho tôm cá bị sốc, chết hoặc chậm lớn. Mục tiêu của đề tài này nhằm tìm hiểu các phương pháp đo nồng độ kiềm trong ao nuôi và thiết kế hệ thống đo tự động nồng độ kiềm trong ao nuôi. Phương pháp được lựa chọn là phương pháp so màu nước. Đề tài xác định được nồng độ kiềm trong nước bằng cách dùng LED có bước sóng nhất định bắn xuyên qua Cuvette chứa dung dịch cần đo và dùng cảm biến ánh sáng đo cường độ ánh sáng sau khi xuyên qua Cuvette. Từ đó suy ra độ hấp thụ ánh sáng của dung dịch thông qua sự hấp thu từ bước sóng ánh sáng và tác dụng thông qua thuốc thử. Khối xử lý trung tâm lấy kết quả đo từ cảm biến ánh sáng về so sánh kết quả đo nhiều lần và cho kết quả tốt nhất. Kết quả đo độ kiềm thông qua mẫu dung dịch được thực hiện trong phòng thí nghiệm cho thấy độ chuẩn đưa ra và tỉ lệ chênh lệch chỉ dao động trong khoảng từ 0,05mg/L là cao nhất. Như vậy so với ngưỡng tối thiểu hàm lượng kiềm trong môi trường ao nuôi tôm thì phương pháp đo này mang tính khả thi rất cao.</subfield>
  </datafield>
  <datafield tag="650" ind1=" " ind2=" ">
   <subfield code="a">Optical measurements,Phép đo quang học</subfield>
  </datafield>
  <datafield tag="904" ind1=" " ind2=" ">
   <subfield code="i">Hải</subfield>
  </datafield>
  <datafield tag="910" ind1=" " ind2=" ">
   <subfield code="c">tvtrong</subfield>
  </datafield>
  <datafield tag="980" ind1=" " ind2=" ">
   <subfield code="a">Trung tâm Học liệu Trường Đại học Cần Thơ</subfield>
  </datafield>
 </record>
</collection>
